[Event "Prague Golden U20 op 17th"]
[Site "Prague"]
[Date "2022.06.25"]
[Round "4"]
[White "Bohatyrov, Mykola"]
[Black "Prachar, Vaclav"]
[Result "1-0"]
[WhiteElo "1378"]
[BlackElo "1021"]
[PlyCount "99"]
[EventDate "2022.06.25"]
[EventType "swiss"]
[EventRounds "7"]
[EventCountry "CZE"]
[SourceTitle "EXT 2023"]
[Source "ChessBase"]
[SourceDate "2022.10.05"]
[SourceVersion "1"]
[SourceVersionDate "2022.10.05"]
[SourceQuality "1"]

1. c4 c5 2. g3 Nc6 3. Bg2 Nf6 4. Nf3 e5 5. Nc3 g6 6. 0-0 Bg7 7. d3 h6 8. b3 0-0 9. Bb2 d6 10. Nd5 Nxd5 11. cxd5 Ne7 12. e4 Bg4 13. Qd2 Rc8 14. h3 Bd7 15. Nh2 Re8 16. f4 b6 17. fxe5 dxe5 18. Nf3 f6 19. Nh4 Rb8 20. d6 Nc8 21. Nxg6 Nxd6 22. Nh4 Be6 23. Nf5 Bxf5 24. exf5 Qd7 25. Qe2 Nf7 26. Rad1 Rbc8 27. Qg4 Qe7 28. Bd5 Red8 29. Be6 Rc7 30. Bxe5 Rc6 31. Bf4 Rd4 32. Qg6 Kf8 33. Rfe1 Rd8 34. Bc8 Qxe1+ 35. Rxe1 Rcxc8 36. Re3 Rd7 37. Qg4 Rc6 38. Qf3 Rc8 39. g4 Rcd8 40. h4 a6 41. Qg3 a5 42. g5 fxg5 43. hxg5 hxg5 44. Bxg5 Nxg5 45. Qxg5 b5 46. f6 Bxf6 47. Qxf6+ Rf7 48. Qxd8+ Kg7 49. Rg3+ Kh6 50. Qh4# 1-0